书目信息 |
| 书名: | Analyzing English | |
| 作者: | Howard Jackson. | |
| 分册号: | ||
| 分册名: | 出版地: | Oxford ; |
|
| 出版社: | Pergamon Press | |
| 出版时间: | 1980. | |
| 页数: | x, 140 p. : | |
| 开本: | 25 cm. | |
| 丛书名: | Language courses | |
| 中图分类号: | ||
| 科图分类号: | ||
| 其他分类号: | H0-06 | |
| 主题词: | ||
| 电子资源: | ||
| 000 | 00930cam 2200325 i 45x0 | |
| 001 | E0731931899 | |
| 003 | OCoLC | |
| 005 | 20070301085604.84 | |
| 008 | 030403s1980 enka b 001 0 eng | |
| 010 | @a 79041106 //r93 | |
| 015 | @aGB79 | |
| 020 | @a0080245560 (pbk.). | |
| 020 | @a0080245579. | |
| 040 | @aDLC@cDLC | |
| 050 | 00 | @aPE1106@b.J28 1980 |
| 082 | 00 | @a420 |
| 090 | @aJ68/W39 | |
| 090 | @aH0-06 | |
| 099 | @dH0-06@ex1 | |
| 100 | 1 | @aJackson, Howard. |
| 245 | 10 | @aAnalyzing English :@ban introduction to descriptive linguistics / @cHoward Jackson. |
| 250 | @a1st ed. | |
| 260 | @aOxford ;@aNew York :@bPergamon Press,@c1980. | |
| 300 | @ax, 140 p. :@bill. ;@c25 cm. | |
| 440 | 0 | @aLanguage courses |
| 500 | @aIncludes index. | |
| 504 | @aBibliography: p. 123-124. | |
| 650 | 0 | @aEnglish language@xGrammar. |
| 650 | 0 | @aStructural linguistics. |
| 920 | @a232010@z2 | |
| Analyzing English : : an introduction to descriptive linguistics / / Howard Jackson.-1st ed.-Oxford ; ; New York : : Pergamon Press, , 1980. |
| x, 140 p. : : ill. ; ; 25 cm.- (Language courses ) |
| Includes index.-Bibliography: p. 123-124. |
| ISBN 0080245560 (pbk.). |
| ● |
| 相关链接 |
|
|
|
|
正题名:Analyzing English
索取号:H0-06/x1
 
预约/预借
| 序号 | 登录号 | 条形码 | 馆藏地/架位号 | 状态 | 备注 |
| 1 | 180775 | 001075525 | 第二样本阅览室/ [索取号:H0-06/x1] | 在馆 | |
| 2 | 180776 | 001075446 | 第四借阅区/ [索取号:H0-06/x1] | 在馆 | |
| 3 | 180777 | 001075482 | 第四借阅区/ [索取号:H0-06/x1] | 在馆 |